000 00686cam a2200229 4500
008 000000n2001 000 0 eng u
020 _a186081459X
035 _a(Sirsi) u112497
041 _aeng
050 _a694.012
100 _aDerbyshire, H.
110 _aBuilding Research Establishment
245 _aEvaluating joinery preservatives : performance prediction using BS EN 330 L-joint trials.
260 _aLondon
_bCRC Ltd
_c2001
300 _a4p. : ill. ; 30cm.
490 _aBRE Information Paper
_v2/01
650 _aTIMBER PRESERVATIVES
650 _aWOOD PRESERVATIVES
690 _aBUILT ENVIRONMENT-BUILDING MATERIALS
700 _aCarey, J.K.
942 _n0
999 _c101432
_d101432